The Holy Bible containing the Old and New Testaments: (Record no. 6871)
[ view plain ]
| 000 -LEADER | |
|---|---|
| fixed length control field | 00620nam a22001697a 4500 |
| 003 - CONTROL NUMBER IDENTIFIER | |
| control field | GBCCL |
| 005 - DATE AND TIME OF LATEST TRANSACTION | |
| control field | 20251127115247.0 |
| 008 - FIXED-LENGTH DATA ELEMENTS--GENERAL INFORMATION | |
| fixed length control field | 180702b ||||| |||| 00| 0 eng d |
| 040 ## - CATALOGING SOURCE | |
| Transcribing agency | gbc |
| 082 ## - DEWEY DECIMAL CLASSIFICATION NUMBER | |
| Classification number | 220.5204 |
| Item number | BIB |
| 245 ## - TITLE STATEMENT | |
| Title | The Holy Bible containing the Old and New Testaments: |
| Remainder of title | Translated out of the original tongues: being the version set forth A.D. 1611: compared with the most ancient authorities and revised A.D. 1811-1885 |
| 250 ## - EDITION STATEMENT | |
| Edition statement | Standard edition |
| 260 ## - PUBLICATION, DISTRIBUTION, ETC. | |
| Name of publisher, distributor, etc. | Thomas Nelson & Sons, |
| Place of publication, distribution, etc. | Camden: |
| Date of publication, distribution, etc. | 1929 |
| 300 ## - PHYSICAL DESCRIPTION | |
| Extent | xiv, 969, xvi,295 p.; |
| Dimensions | 24 p.;2 |
| 650 ## - SUBJECT ADDED ENTRY--TOPICAL TERM | |
| Topical term or geographic name entry element | Bible |
| General subdivision | English |
| 9 (RLIN) | 12272 |
| 942 ## - ADDED ENTRY ELEMENTS (KOHA) | |
| Source of classification or shelving scheme | Dewey Decimal Classification |
| Koha item type | Reference Books |
| Withdrawn status | Lost status | Source of classification or shelving scheme | Damaged status | Not for loan | Home library | Current Library | Shelving location | Date acquired | Total checkouts | Full call number | Barcode | Date last seen | Copy number | Price effective from | Koha item type |
|---|---|---|---|---|---|---|---|---|---|---|---|---|---|---|---|
| Dewey Decimal Classification | GRACE BIBLE COLLEGE | GRACE BIBLE COLLEGE | Bible | 2018-07-02 | 220.5204 BIB | 010425 | 2025-05-01 | c.1 | 2018-07-02 | Reference Books |